Visualizzazione normale
Vista MARC
- Strauss Richard
di Personal Name
Records bibliografici associati: 1
001 - CONTROL NUMBER
- control field: 5712
003 - CONTROL NUMBER IDENTIFIER
- control field: IT-RoPau
005 - DATE AND TIME OF LATEST TRANSACTION
- control field: 20131217092031.0
008 - FIXED-LENGTH DATA ELEMENTS
- fixed length control field: 131217|| aca||aabn | a|a d
040 ## - CATALOGING SOURCE
- Original cataloging agency: IT-RoPau
- Transcribing agency: IT-RoPau
100 ## - HEADING--PERSONAL NAME
- Personal name: Strauss Richard
- Dates associated with a name: Codice autore musica SPICS: 11165
- Relator term: Autore musica
- Name of part/section of a work: Valzer dal III atto de "Il Cavaliere della Rosa"
670 ## - SOURCE DATA FOUND
- Source citation: Work cat.: (IT-RoPau)99841: AA.VV. 794, Grandi valzer lirici e romantici (Lp 135 009)